| 000 | 00837nam a22001937a 4500 | ||
|---|---|---|---|
| 999 |
_c3300 _d3300 |
||
| 003 | AR-CdUCM | ||
| 008 | 190306b ||||| |||| 00| 0 spa d | ||
| 040 |
_aMUNICIPALIDAD PROVINCIAL DEL CUSCO _cBIBLIOTECA MUNICIPAL DEL CUSCO |
||
| 082 |
_a334.003 / _bAD24 |
||
| 110 |
_aCooperativa League of the U.S.A. _910980 |
||
| 245 | _aAdministración moderna de cooperativas / | ||
| 260 |
_aMéxico D.F : _bRoble, _c1973. |
||
| 300 |
_aXVI , 609 páginas ; _bilustraciones ; _c22 cm. |
||
| 505 | _aContenido: ¿qué es la administración moderna? -- Planeamiento; cómo se hace -- Planeamiento: objetivos y metas -- Políticas del planeamiento -- Organización de la estructura de la empresa -- Organización del personal superior ... | ||
| 650 |
_aCooperativas _94787 |
||
| 650 |
_aAdministración _94472 |
||
| 942 |
_2ddc _cLIBROS |
||
| 945 | _azta | ||